| 000 | 00524nam a2200181Ia 4500 | ||
|---|---|---|---|
| 003 | GCL | ||
| 008 | 140319s9999 xx 000 0 ara d | ||
| 040 |
_aGCL / _cGCL |
||
| 082 | 0 | 4 |
_aد _b050 |
| 100 | 1 | _aعبدالعزيز جادو | |
| 245 | 1 | 0 |
_aالوان من الجمال والغزل ( اقرا 540 ) / _cعبدالعزيز جادو |
| 300 | _a155 ص | ||
| 490 |
_aوثائق ونصوص _v0 |
||
| 650 | 0 | 4 | _aالشعر العربى |
| 650 | 0 | 4 | _aالشعر الغزلى |
| 650 | 0 | 4 | _aالجمال |
| 942 |
_2ddc _cCF |
||
| 999 |
_c27338 _d27338 |
||